LEADER 01939nam0 22004213i 450 001 PAL0092373 005 20251003044306.0 010 $a8815045414 100 $a20130827d1994 ||||0itac50 ba 101 | $aita 102 $ait 181 1$6z01$ai $bxxxe 182 1$6z01$an 200 1 $aGuida alla Facoltà di economia$fa cura di Onorato Castellino e Giovanni Zanetti$gcon scritti di: Giancarlo Barbiroli ... [et al.] 205 $aNuova ed 210 $aBologna$cIl mulino$d1994 215 $a250 p.$d22 cm 225 | $aOrientamenti 300 $aSeguono appendici. 410 0$1001CFI0000879$12001 $aOrientamenti 606 $aUniversità$xFacoltà di economia e commercio$xGuide$2FIR$3CFIC019941$9I 676 $a330$9ECONOMIA$v23 676 $a330.07$9SCIENZE ECONOMICHE. STUDIO E INSEGNAMENTO$v12 676 $a330.071145$9$v21 696 $aGuide turistiche$aGuide di viaggio 699 $aGuide$zGuide turistiche 699 $aGuide$yGuide di viaggio 702 1$aCastellino$b, Onorato$f <1935-2007>$3CFIV003831 702 1$aBarbiroli$b, Giancarlo$3CFIV024917 702 1$aZanetti$b, Giovanni$f <1937- >$3CFIV037324 801 3$aIT$bIT-000000$c20130827 850 $aIT-BN0095 901 $bNAP 01$cPOZZO LIB.$nVi sono collocati fondi di economia, periodici di ingegneria e scienze, periodici di economia e statistica e altri fondi comprendenti documenti di economia pervenuti in dono. 912 $aPAL0092373 950 0$aBiblioteca Centralizzata di Ateneo$c1 v.$d 01POZZO LIB.ECON MON 6329$e 0101 0700130955E VMA (bis 1 v (2 copia. Precedente collocazione 13 Ec 095)$fB $h20220713$i20220713$c1 v.$d 01POZZO LIB.ECON MON 6329$e 0101 0700130975E VMA 1 v. (Precedente collocazione 13 EC 097)$fB $h20220713$i20220713 977 $a 01 996 $aGuida alla Facoltà di economia$9960484 997 $aUNISANNIO